00338 a2200133 450000100060000002000180000604000240002410000240004824000450007224500400011730000070015736200090016465000310017314337 a9788535703252 cAnchieta - Aquarius aLourenço, Pasqual10aO mistério do apartamento sorrisolpor10aO mistério do apartamento sorriso a550 a2004 4aLiteratura infanto-juvenil